000 00253nam a22000857a 4500
008 161124b xxu||||| |||| 00| 0 eng d
100 _91375
_aCBSE
245 _aCBSE ubdate : compendium of CBSE curriculum - 2009
260 _aNew delhi
_bNational book trust
_c2007
999 _c4090
_d4090